000 00205nam a22000857a 4500
008 170130b xxu||||| |||| 00| 0 eng d
100 _92660
_aNCERT
245 _aAccontancey-XII
260 _aNew Delhi
_bNCERT
_c2007
999 _c5816
_d5816